[Event "Paracin Summer op-A 10th"]
[Site "Paracin"]
[Date "2017.07.11"]
[Round "6"]
[White "Cerovic, Danilo"]
[Black "Tan, Justin Hy"]
[Result "0-1"]
[WhiteElo "2335"]
[BlackElo "2462"]
[PlyCount "85"]
[EventDate "2017.07.07"]
[EventType "swiss"]
[EventRounds "9"]
[EventCountry "SRB"]
[SourceTitle "EXT 2018"]
[Source "ChessBase"]
[SourceDate "2017.10.13"]
[SourceVersion "1"]
[SourceVersionDate "2017.10.13"]
[SourceQuality "1"]

1. e4 e6 2. d4 d5 3. Nc3 Nf6 4. Bg5 dxe4 5. Nxe4 Be7 6. Bxf6 Bxf6 7. Nf3 Nd7 8. Bc4 0-0 9. Qe2 Be7 10. 0-0-0 c6 11. h4 b5 12. Bd3 Qc7 13. Kb1 h6 14. g4 g6 15. Qe3 Kg7 16. h5 g5 17. Nexg5 hxg5 18. Nxg5 Nf6 19. Nxe6+ fxe6 20. Qg5+ Kh8 21. Qh6+ Kg8 22. Qg6+ Kh8 23. g5 Ne4 24. Bxe4 Bb4 25. h6 Bb7 26. Qh5 c5 27. Bxb7 Qxb7 28. Qe2 Qd5 29. g6 Rf6 30. g7+ Kh7 31. dxc5 Qf5 32. c6 Rc8 33. c7 Ba5 34. Rd7 Bxc7 35. Rg1 Kg8 36. Rh1 Qh7 37. Qd1 Bb6 38. Qd3 Rxh6 39. Rxh6 Qxh6 40. a3 Qh7 41. Qd2 Qg6 42. Qd1 Bxf2 43. Rd2 0-1

[Event "Paracin Summer op-A 10th"]
[Site "Paracin"]
[Date "2017.07.11"]
[Round "5.17"]
[White "Vucinic, Gojko"]
[Black "Cerovic, Danilo"]
[Result "0-1"]
[WhiteElo "2415"]
[BlackElo "2335"]
[PlyCount "68"]
[EventDate "2017.07.07"]
[EventType "swiss"]
[EventRounds "9"]
[EventCountry "SRB"]
[SourceTitle "EXT 2018"]
[Source "ChessBase"]
[SourceDate "2017.10.13"]
[SourceVersion "1"]
[SourceVersionDate "2017.10.13"]
[SourceQuality "1"]

1. c4 e5 2. g3 Nf6 3. Bg2 c6 4. d4 exd4 5. Qxd4 d5 6. Nc3 Be6 7. cxd5 cxd5 8. Nf3 Nc6 9. Qa4 Bc5 10. 0-0 0-0 11. Bg5 h6 12. Qb5 Be7 13. Be3 d4 14. Rfd1 Bd7 15. Nxd4 Nxd4 16. Qxb7 Rb8 17. Qxa7 Nc2 18. Bc6 Nxa1 19. Bxd7 Nxd7 20. Rxd7 Qc8 21. Rxe7 Rxb2 22. Rc7 Qf5 23. Bc1 Rbb8 24. Qa4 Ra8 25. Qc6 Rac8 26. Bb2 Rxc7 27. Qxc7 Nc2 28. Qd6 Qe6 29. Qd2 Nb4 30. e4 Nc6 31. Qc2 Rb8 32. a4 Nd4 33. Qc1 Nf3+ 34. Kg2 Ng5 0-1

[Event "Paracin Summer op-A 10th"]
[Site "Paracin"]
[Date "2017.07.07"]
[Round "1.42"]
[White "Maksimovic, Masa"]
[Black "Cerovic, Danilo"]
[Result "1/2-1/2"]
[WhiteElo "2094"]
[BlackElo "2335"]
[PlyCount "99"]
[EventDate "2017.07.07"]
[EventType "swiss"]
[EventRounds "9"]
[EventCountry "SRB"]
[SourceTitle "EXT 2018"]
[Source "ChessBase"]
[SourceDate "2017.10.13"]
[SourceVersion "1"]
[SourceVersionDate "2017.10.13"]
[SourceQuality "1"]

1. e4 c5 2. Nf3 d6 3. d4 Nf6 4. Nc3 cxd4 5. Nxd4 a6 6. Be3 e5 7. Nf3 Qc7 8. h3 Be7 9. Bd3 0-0 10. 0-0 b5 11. a3 Bb7 12. g4 g6 13. g5 Nh5 14. Be2 Nd7 15. Nd5 Bxd5 16. exd5 Nc5 17. Ne1 Nf4 18. h4 f6 19. Bxf4 exf4 20. gxf6 Bxf6 21. Nd3 Nxd3 22. Qxd3 Bxb2 23. Rab1 Be5 24. h5 gxh5 25. Bxh5 Kh8 26. Kh1 f3 27. Rg1 Rf6 28. Rg4 Qe7 29. Rh4 Raf8 30. Rg1 Rf4 31. Rxf4 Rxf4 32. Bxf3 Qf6 33. Kg2 Rh4 34. Kf1 Rf4 35. Kg2 Rf5 36. Rh1 Rg5+ 37. Kf1 h6 38. Rg1 Rxg1+ 39. Kxg1 Qg5+ 40. Kf1 h5 41. Qe3 Qxe3 42. fxe3 h4 43. Be2 h3 44. c4 h2 45. Kg2 bxc4 46. Bxc4 a5 47. a4 Kg7 48. Bb5 Kf6 49. Bc6 Kf5 50. Kh1 1/2-1/2

[Event "Graz op-A"]
[Site "Graz"]
[Date "2017.02.25"]
[Round "8"]
[White "Nguyen, Thai Dai Van"]
[Black "Cerovic, Danilo"]
[Result "1-0"]
[WhiteElo "2434"]
[BlackElo "2346"]
[PlyCount "63"]
[EventDate "2017.02.20"]
[EventType "swiss"]
[EventRounds "9"]
[EventCountry "AUT"]
[SourceTitle "CBM 177 Extra"]
[Source "ChessBase"]
[SourceDate "2017.04.27"]
[SourceVersion "1"]
[SourceVersionDate "2017.04.27"]
[SourceQuality "1"]

1. e4 e6 2. d4 d5 3. Nd2 Be7 4. Bd3 c5 5. dxc5 Nf6 6. Qe2 0-0 7. Ngf3 a5 8. 0-0 Na6 9. e5 Nd7 10. c4 Ndxc5 11. Bb1 b6 12. Rd1 Bb7 13. b3 Qc7 14. Bb2 Rad8 15. Nd4 Rd7 16. a3 Rfd8 17. Bc2 Qb8 18. Bc3 Rc7 19. b4 axb4 20. axb4 Nd7 21. Nb5 Nxb4 22. Bxb4 Bxb4 23. Nxc7 Qxc7 24. Nf3 dxc4 25. Be4 Bxe4 26. Qxe4 Bf8 27. Ng5 g6 28. Qf4 Nxe5 29. Rxd8 Qxd8 30. Qxe5 Bg7 31. Qf4 Bf6 32. Qf3 1-0

[Event "SRB-ch sf Belgrade-ch"]
[Site "Belgrade"]
[Date "2017.01.31"]
[Round "9"]
[White "Cerovic, Danilo"]
[Black "Vujacic, Borivoje"]
[Result "1-0"]
[WhiteElo "2346"]
[BlackElo "2245"]
[PlyCount "117"]
[EventDate "2017.01.23"]
[EventType "swiss"]
[EventRounds "9"]
[EventCountry "SRB"]
[SourceTitle "EXT 2018"]
[Source "ChessBase"]
[SourceDate "2017.10.13"]
[SourceVersion "1"]
[SourceVersionDate "2017.10.13"]
[SourceQuality "1"]

1. e4 c5 2. Nf3 Nc6 3. d4 cxd4 4. Nxd4 g6 5. Nc3 Bg7 6. Be3 Nf6 7. Bc4 0-0 8. Bb3 d6 9. h3 Na5 10. 0-0 a6 11. Bg5 Bd7 12. Re1 Nxb3 13. axb3 Rc8 14. Nd5 Nxd5 15. exd5 Re8 16. c3 Rc5 17. Nf3 h6 18. Be3 Ra5 19. Qd2 Rxa1 20. Rxa1 Kh7 21. Bd4 e5 22. dxe6 Bxe6 23. Bxg7 Kxg7 24. b4 Bf5 25. Rd1 Be4 26. Nd4 Qf6 27. Ne2 Bc6 28. Nf4 Re4 29. Ne2 b5 30. Nd4 Bb7 31. Nf3 Re8 32. Nd4 Re5 33. f3 h5 34. Kh1 h4 35. Kh2 Re7 36. Re1 Re5 37. Rd1 Bd5 38. Kh1 Qe7 39. Ra1 Bb7 40. Rd1 Re3 41. Kg1 Re5 42. Kh1 g5 43. Qd3 Qf6 44. Qd2 Bd5 45. Rf1 Bc4 46. Rd1 Kf8 47. Qc2 Kg8 48. b3 Bd5 49. c4 Bb7 50. Qd3 Qe7 51. Qd2 Qf6 52. Qd3 Qf4 53. c5 dxc5 54. bxc5 Rd5 55. b4 Bc8 56. Qe4 Qxe4 57. fxe4 Rd8 58. c6 Kf8 59. Ne6+ 1-0

[Event "Belgrade-ch sf"]
[Site "Belgrade"]
[Date "2017.01.28"]
[Round "6"]
[White "Ivic, Velimir"]
[Black "Cerovic, Danilo"]
[Result "1/2-1/2"]
[WhiteElo "2286"]
[BlackElo "2346"]
[PlyCount "38"]
[EventDate "2017.01.23"]
[EventType "swiss"]
[EventRounds "7"]
[EventCountry "SRB"]
[SourceTitle "CBM 176 Extra"]
[Source "ChessBase"]
[SourceDate "2017.03.02"]
[SourceVersion "1"]
[SourceVersionDate "2017.03.02"]
[SourceQuality "1"]

1. e4 c6 2. d4 d5 3. e5 Bf5 4. c4 e6 5. Nc3 Bb4 6. Qb3 a5 7. a3 Bxc3+ 8. bxc3 Nd7 9. Nf3 Qb6 10. Qxb6 Nxb6 11. c5 Nc4 12. a4 h6 13. Be2 Ne7 14. 0-0 Kd7 15. Nd2 Nxd2 16. Bxd2 Rhb8 17. Bc1 b6 18. cxb6 Rxb6 19. Ba3 Rb3 1/2-1/2